Piosenki BlackPink-nagła śmierć - Statystyki

Ogólne statystyki
  • Ten quiz został rozwiązany 189 razy
  • Średni wynik to 7 z 10
Answers on the Grid
Answers color-coded by a green-red scale on the quiz's grid according to % correct below.
The feels
Kill this love
Dynamite
Lovesick girls
Venom
Whistle
As if its your last
Butter
How you like that
Look at me
Red lights
Queencard
Psycho
Wrape me in plastic
DDU-DU DDU-DU
Bang bang bang
What is love?
Love shot
LALALALA
Forever young
Ice cream
Drama
Next level
Whiplash
Boombayah
Hold on tight
Drip
Idol
DNA
Pink venom
 
Statystyki odpowiedzi
Odpowiedź % Poprawnych
Kill this love
95%
DDU-DU DDU-DU
81%
Lovesick girls
80%
Whistle
75%
As if its your last
73%
Boombayah
71%
Pink venom
69%
How you like that
68%
Ice cream
63%
Forever young
61%
Nie znaleziono quizów pasujących do podanych kryteriów
Rozkład punktacji
Procent ludzi z każdym wynikiem
Percentyl według liczby udzielonych odpowiedzi
Twoja historia wyników
Nie rozwiązałeś tego quizu